000 01249nam a2200325 i 4500
001 000027675
003 DO-SdBNP
005 20260204112355.0
007 ta
008 100203t1974 dr ac r 000 0 spa d
040 _aDO-SdBNP
_bspa
_cBNPHU
_erda
041 _aspa
082 4 _a972.9304
_bS487a , 1974
_222
100 1 _aSerra, José María,
_d1819-1888
_eautor
_910480
245 1 0 _aApuntes para la historia de los Trinitarios :
_bfundadores de la República Dominicana /
_cJosé María Serra.
250 _aTercera edición facsímilar
264 _aSanto Domingo :
_bSecretaría de Educación,
_c1974.
300 _a24 páginas :
_bilustraciones retratos. ;
_c21 cm.
336 _ardacontent
_btexto
_2txt
337 _ardamedia
_bsin mediación
_2n
338 _ardacarrier
_bvolumen
_2nc
490 0 _aEnriquillo
_v7
533 _aFacsímil :
_bSanto Domingo :
_cImp. J.R. vda. García,
_d1915.
590 _aInventariado, 2018/BT
610 2 4 _aLa Trinitaria (Sociedad Política de la República Dominicana)
_910481
651 4 _aRepública Dominicana
_xHistoria
_y1844-1930
_91009
651 4 _aRepública Dominicana
_xHistoria
_yOcupación haitiana, 1822-1844
_97666
910 _aValidado. Control de calidad. EMS
942 _2ddc
_cLBS1
999 _c27167
_d27167